Responses for show #5247 - Tuesday, June 5, 2007

Contestants

[<< previous game]

Ssezi Mukasa, a software engineer from Salem, Massachusetts

Heidi Sanchez, a college library director from Bethpage, New York

John Walsh, a writer from Santa Monica, California (whose 1-day cash winnings total $13,900)

[next game >>]

Jeopardy! Round responses

POPULAR SCIENCE BEST OF 2006
BEST PICTURE OSCAR WINNERS
YOU'VE BEEN CONVERTED
KIDDY LIT
TIME FOR "UNCH"
LET'S EAT
    $200 1
new tricks

Heidi
    $200 26
Oliver!

Heidi
    $200 15
(Ssezi: What is eight?)

four

JohnSsezi
    $200 2
the Civil War

Heidi
    $200 11
crunch

Heidi
    $200 17
wine

Ssezi
    $400 7
bionic

Ssezi
    $400 27
The Departed

Ssezi
    $400 18
kilometers

Heidi
    $400 3
The Wizard of Oz

John
    $400 12
a lovely bunch

Heidi
    $400 19
grapefruit

Heidi
    $600 8
cloning

John
    $600 28
Unforgiven

Ssezi
    $600 23
yards

Ssezi
    $600 4
winter's nap

Heidi
    $600 13
a hunchback

Heidi
    $600 20
peanuts

John
    $800 9
an air guitar

John
    $800 29
Braveheart

Triple Stumper
    $800 24
MMVII

John
    $500 5
a peach

Heidi
    $800 14
unchain

Ssezi
    $800 21
a meal ready to eat

John
    $1000 10
melanin

Heidi
    $1000 30
One Flew Over the Cuckoo's Nest

Heidi
    $1000 25
32

Heidi
    $1000 6
a heffalump

John
    $1000 16
a scrunchie

Heidi
    $1000 22
Crêpe Suzette

John

Scores at the first commercial break (after clue 15):

John Heidi Ssezi
$3,000 $3,700 $1,000

Scores at the end of the Jeopardy! Round:

John Heidi Ssezi
$6,200 $7,700 $2,800

Double Jeopardy! Round responses

EUROPEAN HISTORY
1970s ROCK
A RIVER RUNS THROUGH 'EM
(Alex: We'll tell you what it runs through. You identify the river.)
NOTABLE WOMEN
MYTHOLOGY
"I.M." ING
(Alex: Each correct response will be two words, the first word beginning with the letter "i," second word beginning with the letter "m.")
    $400 8
Norway

Ssezi
    $400 21
Maggie May

Heidi
    $400 26
the Rhine

John
    $400 3
(Ssezi: What is governor?)

mayor

Ssezi
Triple Stumper
    $400 1
Dionysus

Ssezi
    $400 16
the invisible man

Heidi
    $800 10
Bay of Biscay

Ssezi
    $800 22
Pearl

Triple Stumper
    $800 27
the Danube

Heidi
    $800 4
Indira Gandhi

Heidi
    $800 2
dreams

Heidi
    $800 17
internal medicine

Heidi
    $1200 13
(Ssezi: What is Poland?)

France

Ssezi
Triple Stumper
    $1200 23
"Just An Old Fashioned Love Song"

Heidi
    $1200 28
(Alex: That would have been a drink for you, John. Sorry, you didn't ring in fast enough. It's [*]. See, did you like the French on that one?)
(John: Yes. [Laughs])

the Rhône

Triple Stumper
    $1200 5
Jane Goodall

Heidi
    $1200 9
Cerberus

Heidi
    $1200 18
Iron Man

John
    $1600 14
Lorenzo (de Medici)

John
    $1600 24
The Bee Gees

Triple Stumper
    $1600 29
the Orinoco

Triple Stumper
    $1600 6
Liv Ullmann

Heidi
    $1600 11
(John: Who are Romulus & Remus?)

Castor & Pollux

JohnSsezi
    $1600 19
Inner Mongolia

Ssezi
    $2000 15
Maastricht

Triple Stumper
    $2000 25
(Heidi: I remember them.)

Dr. Hook & the Medicine Show

Triple Stumper
    $100 30
(Heidi: I can't even guess.)

the Tagus

Heidi
    $2000 7
Barnard

Heidi
    $4,000 12
the Hydra

Ssezi
    $2000 20
In Memoriam

Heidi

Scores at the end of the Double Jeopardy! Round:

John Heidi Ssezi
$7,800 $20,800 $10,000
(lock game)

[wagering suggestions for these scores]

Final Jeopardy! Round responses

AMERICAN LITERATURE
JohnWhat are Leatherstocking Tales?
$7,800
SseziWhat is Last of the Mohicans
$5,700
HeidiWhat are Leatherstocking Tales
$200
Leatherstocking Tales

Final scores:

John Heidi Ssezi
$15,600 $21,000 $4,300
2nd place: $2,000 New champion: $21,000 3rd place: $1,000

Game dynamics:

Coryat scores:

John Heidi Ssezi
$7,800 $21,200 $8,000
12 R,
1 W
26 R
(including 1 DD),
1 W
(including 1 DD)
12 R
(including 1 DD),
3 W

Combined Coryat: $37,000

The J! Archive is created by fans, for fans. The Jeopardy! game show and all elements thereof, including but not limited to copyright and trademark thereto, are the property of Jeopardy Productions, Inc. and are protected under law. This website is not affiliated with, sponsored by, or operated by Jeopardy Productions, Inc. Join the discussion at JBoard.tv.